| 000 | 00000nam 2200000za 4500 |
| 001 | 9.837800 |
| 003 | CaOODSP |
| 005 | 20230801131752 |
| 007 | cr ||||||||||| |
| 008 | 170606s2015 onc ob f000 0 fre d |
| 040 | |aCaOODSP|bfre |
| 043 | |an-cn--- |
| 086 | 1 |aPS83-3/360F-PDF |
| 245 | 00|aÉtablissements résidentiels |h[ressource électronique] : |bprofil des délinquants et analyse documentaire / |cRenée Gobeil... [et al.]. |
| 260 | |aOttawa : |bService correctionnel du Canada, |c2015. |
| 300 | |avi, 33 p. : |btableaux. |
| 490 | 1 |aRapport de recherche ; |vR-360 |
| 500 | |aPublié aussi en anglais sous le titre : Residential facilities: offender profile and review of the literature. |
| 500 | |a« Février 2015. » |
| 504 | |aComprends des réferences bibliographiques. |
| 692 | 07|2gccst|aDétenu |
| 692 | 07|2gccst|aIntégration |
| 700 | 1 |aGobeil, Renée, |d1980- |
| 710 | 2 |aService correctionnel Canada. |bDirection de la recherche. |
| 775 | 08|tResidential facilities |w(CaOODSP)9.837794 |
| 830 | #0|aRapport de recherche (Service correctionnel Canada. Direction de la recherche)|vR-360|w(CaOODSP)9.502465 |
| 856 | 40|qPDF|s197 Ko|uhttps://publications.gc.ca/collections/collection_2017/scc-csc/PS83-3-360-fra.pdf |